00431nam a2200121Ia 4500008004100000245017000041260001700211260000900228300000800237650002300245650001200268856002900280170516s9999 xx 000 0 und d aTargeted Antiangiogenesis Gene Therapy Using Targeted Cationic Microbubbles Conjugated with CD105 Antibody Compared with Untargeted Cationic and Neutral Microbubbles bTheranostics c2015 a5:4 xMedical Technology xMedtech uhttp://www.thno.org/v5i4